| 000 | 00857nam a22002417a 4500 | ||
|---|---|---|---|
| 999 |
_c19550 _d19550 |
||
| 003 | AR-CdUCM | ||
| 008 | 190518b ||||| |||| 00| 0 spa d | ||
| 040 |
_aMUNICIPALIDAD PROVINCIAL DEL CUSCO _cBIBLIOTECA MUNICIPAL DEL CUSCO |
||
| 082 |
_a868.903 / _bA59 |
||
| 110 |
_aInstituto LatinoAmericano de vinculación Brasilero _940956 |
||
| 245 | _aAntología del cuento Brasilero / | ||
| 260 |
_aLima : _bVillanueva, _c1964. |
||
| 300 |
_a241 páginas ; _c23 cm. |
||
| 505 | _aContenido : Misa de gallo -- El testamento de tío Pedro -- Un ingrato -- El hombre que sabia Javanés... | ||
| 650 |
_aLiteratura Brasilera _913828 |
||
| 650 |
_aCuentos _9217 |
||
| 700 |
_aGomez Benoit, Abelardo _940957 |
||
| 700 |
_aMachado de Asis _940958 |
||
| 700 |
_aGarcia Redondo _940959 |
||
| 700 |
_aMonteiro, Lobato _940960 |
||
| 942 |
_2ddc _cLIBROS |
||
| 945 | _arcc | ||